<?xml version="1.0" encoding="UTF-8"?><?xml-stylesheet type="text/xsl" href="static/style.xsl"?><OAI-PMH xmlns="http://www.openarchives.org/OAI/2.0/" xmlns:xsi="http://www.w3.org/2001/XMLSchema-instance" xsi:schemaLocation="http://www.openarchives.org/OAI/2.0/ http://www.openarchives.org/OAI/2.0/OAI-PMH.xsd"><responseDate>2026-04-17T20:42:07Z</responseDate><request verb="GetRecord" identifier="oai:riubu.ubu.es:10259/7606" metadataPrefix="marc">https://riubu.ubu.es/oai/request</request><GetRecord><record><header><identifier>oai:riubu.ubu.es:10259/7606</identifier><datestamp>2023-04-20T12:29:00Z</datestamp><setSpec>com_10259_3725</setSpec><setSpec>com_10259_5086</setSpec><setSpec>com_10259_2604</setSpec><setSpec>com_10259_4734</setSpec><setSpec>com_10259_4839</setSpec><setSpec>col_10259_3726</setSpec><setSpec>col_10259_4735</setSpec><setSpec>col_10259_4840</setSpec></header><metadata><record xmlns="http://www.loc.gov/MARC21/slim" xmlns:doc="http://www.lyncode.com/xoai" xmlns:xsi="http://www.w3.org/2001/XMLSchema-instance" xmlns:dcterms="http://purl.org/dc/terms/" xsi:schemaLocation="http://www.loc.gov/MARC21/slim http://www.loc.gov/standards/marcxml/schema/MARC21slim.xsd">
<leader>00925njm 22002777a 4500</leader>
<datafield tag="042" ind1=" " ind2=" ">
<subfield code="a">dc</subfield>
</datafield>
<datafield tag="720" ind1=" " ind2=" ">
<subfield code="a">Rodríguez Cano, Sonia</subfield>
<subfield code="e">author</subfield>
</datafield>
<datafield tag="720" ind1=" " ind2=" ">
<subfield code="a">Cuesta Gómez, José Luis</subfield>
<subfield code="e">author</subfield>
</datafield>
<datafield tag="720" ind1=" " ind2=" ">
<subfield code="a">Delgado Benito, Vanesa</subfield>
<subfield code="e">author</subfield>
</datafield>
<datafield tag="720" ind1=" " ind2=" ">
<subfield code="a">Fuente Anuncibay, Raquel de la</subfield>
<subfield code="e">author</subfield>
</datafield>
<datafield tag="260" ind1=" " ind2=" ">
<subfield code="c">2022-05</subfield>
</datafield>
<datafield tag="520" ind1=" " ind2=" ">
<subfield code="a">The research presented is framed in the context of educational technology (ET), and&#xd;
specifically in its use as a support tool for students with specific learning difficulties (SLD). This is&#xd;
descriptive quantitative research, the objective of which is to know what students know about the&#xd;
use of educational technology, the perceived usefulness of educational applications, and the use of&#xd;
educational technology as support for students with specific learning difficulties. In order to answer&#xd;
this question, a data-collection instrument was designed that included an ad hoc questionnaire made&#xd;
up of three blocks to evaluate the use of ET, the perceived usefulness of educational applications, as&#xd;
well as ET as a support for students with SLD. The participating sample is made up of students from&#xd;
different teacher training degrees of the Faculty of Education of the University of Burgos (n = 130).&#xd;
After the descriptive analysis was carried out, the results that were obtained allowed us to conclude&#xd;
that ET is an excellent proposal for the classroom, and that, due to its adaptability, it can, and should,&#xd;
be a frequent resource for achieving educational objectives, and especially as support for students&#xd;
with SLD.</subfield>
</datafield>
<datafield tag="024" ind2=" " ind1="8">
<subfield code="a">http://hdl.handle.net/10259/7606</subfield>
</datafield>
<datafield tag="024" ind2=" " ind1="8">
<subfield code="a">10.3390/su14106177</subfield>
</datafield>
<datafield tag="024" ind2=" " ind1="8">
<subfield code="a">2071-1050</subfield>
</datafield>
<datafield ind1=" " ind2=" " tag="653">
<subfield code="a">Specific learning difficulties</subfield>
</datafield>
<datafield ind1=" " ind2=" " tag="653">
<subfield code="a">Information and communication technology</subfield>
</datafield>
<datafield ind1=" " ind2=" " tag="653">
<subfield code="a">Educational technology</subfield>
</datafield>
<datafield ind1=" " ind2=" " tag="653">
<subfield code="a">Educators</subfield>
</datafield>
<datafield ind1=" " ind2=" " tag="653">
<subfield code="a">Educational apps</subfield>
</datafield>
<datafield tag="245" ind1="0" ind2="0">
<subfield code="a">Educational Technology as a Support Tool for Students with Specific Learning Difficulties—Future Education Professionals’ Perspective</subfield>
</datafield>
</record></metadata></record></GetRecord></OAI-PMH>